Engaging voices : (Record no. 8589)
[ view plain ]
| 000 -LEADER | |
|---|---|
| fixed length control field | 00919nam a22002297a 4500 |
| 003 - CONTROL NUMBER IDENTIFIER | |
| control field | GBCCL |
| 005 - DATE AND TIME OF LATEST TRANSACTION | |
| control field | 20241126110653.0 |
| 008 - FIXED-LENGTH DATA ELEMENTS--GENERAL INFORMATION | |
| fixed length control field | 210416b ||||| |||| 00| 0 eng d |
| 020 ## - INTERNATIONAL STANDARD BOOK NUMBER | |
| International Standard Book Number | 9781481300445 |
| 020 ## - INTERNATIONAL STANDARD BOOK NUMBER | |
| International Standard Book Number | 148130044X |
| 040 ## - CATALOGING SOURCE | |
| Transcribing agency | gbc |
| 082 ## - DEWEY DECIMAL CLASSIFICATION NUMBER | |
| Classification number | 179.1 |
| Item number | GOT |
| 100 ## - MAIN ENTRY--PERSONAL NAME | |
| Personal name | Gottlieb, Roger S |
| 9 (RLIN) | 15146 |
| 245 ## - TITLE STATEMENT | |
| Title | Engaging voices : |
| Remainder of title | tales of morality and meaning in an age of global warming / |
| Statement of responsibility, etc. | Roger S Gottlieb |
| 260 ## - PUBLICATION, DISTRIBUTION, ETC. | |
| Place of publication, distribution, etc. | Waco, Tex. : |
| Name of publisher, distributor, etc. | Baylor University Press, |
| Date of publication, distribution, etc. | ©2011. |
| 300 ## - PHYSICAL DESCRIPTION | |
| Extent | vii, 240 pages |
| 505 ## - FORMATTED CONTENTS NOTE | |
| Formatted contents note | Introduction: the stories of Samuel Prana --<br/>Why am I alive? --<br/>Choose --<br/>What is to be done? --<br/>Pass the turkey --<br/>Whose woods are these? --<br/>Need to know --<br/>Face off --<br/>Despair: in four acts --<br/>Feeling left out? --<br/>The end? |
| 650 ## - SUBJECT ADDED ENTRY--TOPICAL TERM | |
| Topical term or geographic name entry element | Dialogues. |
| 9 (RLIN) | 15147 |
| 650 ## - SUBJECT ADDED ENTRY--TOPICAL TERM | |
| Topical term or geographic name entry element | Environmental ethics. |
| 9 (RLIN) | 14144 |
| 650 ## - SUBJECT ADDED ENTRY--TOPICAL TERM | |
| Topical term or geographic name entry element | PHILOSOPHY |
| Form subdivision | Ethics & Moral Philosophy. |
| 9 (RLIN) | 15148 |
| 942 ## - ADDED ENTRY ELEMENTS (KOHA) | |
| Source of classification or shelving scheme | Dewey Decimal Classification |
| Koha item type | Books |
| Withdrawn status | Lost status | Source of classification or shelving scheme | Damaged status | Not for loan | Home library | Current Library | Shelving location | Date acquired | Total checkouts | Full call number | Barcode | Date last seen | Copy number | Price effective from | Koha item type |
|---|---|---|---|---|---|---|---|---|---|---|---|---|---|---|---|
| Dewey Decimal Classification | GRACE BIBLE COLLEGE | GRACE BIBLE COLLEGE | Philosophy and Religion | 2021-04-16 | 179.1 GOT | 020233 | 2025-05-01 | c.1 | 2021-04-16 | Books |